000 005770000a22001810004500
003 MACL
005 20160120132454.0
008 160120b xxu||||| |||| 00| 0 eng d
040 _aMACL
_cMACL
041 _aHindi
082 _a341.2/KAP
100 _aकपुर डौ. एस के
_933622
245 _aअन्‍तर्राष्‍ट्रीय विघि
260 _bसेण्‍ट्रल लॉ एजेन्‍सी
_c1998
_aइलाहाबाद
350 _a160
650 _aEentertational Law
_933623
942 _cHIN
_k341.2/ KAP
_2ddc
999 _c30483
_d30483